Normal view
MARC view
Entry Personal Name
001 - CONTROL NUMBER
- control field: 58900
003 - CONTROL NUMBER IDENTIFIER
- control field: dpl
005 - DATE AND TIME OF LATEST TRANSACTION
- control field: 20231121143055.0
008 - FIXED-LENGTH DATA ELEMENTS
- fixed length control field: 231121|| aca||aabn | a|a d
040 ## - CATALOGING SOURCE
- Original cataloging agency: dpl
- Transcribing agency: dpl
100 ## - HEADING--PERSONAL NAME
- Personal name: translated by mahadev desai
670 ## - SOURCE DATA FOUND
- Source citation: Work cat.: (dpl)191651: The story of my experiment with truth/
